|
|
|
|
| LEADER |
00000cam a2200000 7i4500 |
| 001 |
0000000070 |
| 005 |
20151222.0 |
| 008 |
070629 |
| 020 |
|
|
|a 9833065112
|
| 090 |
0 |
0 |
|a JF
|b AD MAL (03)
|
| 100 |
0 |
|
|a Najib bin Awang Hassan
|
| 245 |
0 |
0 |
|a Pengemis kecil
|c Najib bin Awang Hassan
|
| 260 |
|
|
|a Selangor :
|b Pustaka Cahaya Intelek ,
|c 2005
|
| 440 |
|
|
|a Siri anakku bestari
|
| 500 |
|
|
|a Children ages 7-9 years old (orange)
|
| 650 |
|
0 |
|a Detective and mystery stories
|x Malay
|
| 650 |
|
0 |
|a Malay fiction
|
| 999 |
|
|
|a 0000954005
|b Book
|c Children Collection
|e Perbadanan Perpustakaan Awam Johor
|
| 999 |
|
|
|a 0000954006
|b Book
|c Children Collection
|e Perbadanan Perpustakaan Awam Johor
|
| 999 |
|
|
|a 0000954007
|b Book
|c Children Collection
|e Perbadanan Perpustakaan Awam Johor
|
| 999 |
|
|
|a 0000954008
|b Book
|c Children Collection
|e Perbadanan Perpustakaan Awam Johor
|
| 999 |
|
|
|a 0000954009
|b Book
|c Children Collection
|e Perbadanan Perpustakaan Awam Johor
|